000 00973nab a2200289 4500
003 BR-BrBNA
005 20241223233954.0
008 241223b bl.||||| |||| 00| 0 por d
040 _aBR-BrBNA
_bpor
072 _aF06 ; E14 ; N20
100 _aLavor, Laércio José
100 _aCoelho, Silvana
245 _aBermad lança no Brasil primeiro Sistema de Suporte de Decisão (SSD) completo para monitoramento e controle de sistemas de irrigação - parte 2
500 _a10 illus.
650 _aSISTEMA DE IRRIGAÇÃO
650 _aAUTOMAÇÃO
650 _aEQUIPAMENTO DE IRRIGAÇÃO
650 _aCOMPUTADOR
650 _aINOVAÇÃO TECNOLÓGICA
650 _aMONITORAMENTO
650 _aCONTROLE
650 _aANÁLISE DE DADOS
650 _aTOMADA DE DECISÃO
773 0 _04820
_9344890
_dVotuporanga/SP IRRIGAZINE 2009
_o2024-5225
_tIrrigazine (Brazil)
_gv. 15(59) p. 14-15; (Dec 2018)
_wBR2024004379
942 _cANA
999 _c329418
_d329418